The complete broadcast antenna handbook: (Record no. 182916)

000 -LEADER
fixed length control field 01250 a2200169 4500
003 - CONTROL NUMBER IDENTIFIER
control field Nust
005 - DATE AND TIME OF LATEST TRANSACTION
control field 20221216193427.0
040 ## - CATALOGING SOURCE
Transcribing agency Nust
082 ## - DEWEY DECIMAL CLASSIFICATION NUMBER
Classification number 621.3824,CUN
100 ## - MAIN ENTRY--PERSONAL NAME
Personal name John E. Cunnigham
9 (RLIN) 105145
245 ## - TITLE STATEMENT
Title The complete broadcast antenna handbook:
Remainder of title design, installation, operation & maintenance /
260 ## - PUBLICATION, DISTRIBUTION, ETC.
Place of publication, distribution, etc. London
Name of publisher, distributor, etc. Tab Books
Date of publication, distribution, etc. 1953
300 ## - PHYSICAL DESCRIPTION
Extent 448 p.
505 ## - FORMATTED CONTENTS NOTE
Formatted contents note Basic Principles (Page-11), Principles of Transmission Lines (Page-56), Radiation and Propagation (Page-94), Smith Charts (Page-117), Standard Broadcast Antennas (Page-150), Vertical Antennas (Page-166), Introduction to Directional Antennas (Page-193), Complex Directional-Antenna Arrays (Page-217), Direction Antenna Impedances (Page-233), Impedance Transformation and Phase Shifting (Page-247), Feeder Systems for Standard Broadcast Antennas (Page-286), Ground System (Page-308), Antenna Instrumentation and Measurements (Page-318), AM Field Intensity Measurements (Page-346), Parasitic Reradiating (Page-368), AM Antenna Maintenance (Page-380), FM and TV Antennas (Page-400), FM and TV Antenna Feeder Systems (Page-416), FM and TV Antenna Measurements (Page-432), Lightning Protection (Page-442).
650 ## - SUBJECT ADDED ENTRY--TOPICAL TERM
Topical term or geographic name entry element Telecommunication engineering
942 ## - ADDED ENTRY ELEMENTS (KOHA)
Source of classification or shelving scheme
Koha item type Book
Holdings
Withdrawn status Lost status Source of classification or shelving scheme Damaged status Not for loan Permanent Location Current Location Shelving location Date acquired Full call number Barcode Date last seen Price effective from Koha item type Public note
          Military College of Signals (MCS) Military College of Signals (MCS) General Stacks 12/12/2016 621.3824,CUN MCS6972 12/08/2016 12/12/2016 Book Almirah No.37, Shelf No.4
© 2023 Central Library, National University of Sciences and Technology. All Rights Reserved.